000 00617nas a2200229 4500
001 BR9804688
003 BR-BrBNA
005 20231205101117.0
007 ta
008 230509b bl.|||p| |||| 00| 00por d
040 _aBR-BrBNA
_bpor
_cBiblioteca Nacional de Agricultura
041 _a(Pt)
072 _aL73
100 1 _aPustiglione Neto, L.
245 1 _aA febre maculosa e o carrapato
650 _aFebre
650 _aZoonose
650 _aCarrapato
773 0 _tPecuaria de Corte (Brazil)
_x
_g(Apr 1998), v. 8(76) p. 65
_wBR9804688
909 _a202311
_bLúcia
_c55
_dLúcia Elande
942 _2AGRIS
_n0
_cANA
999 _c159791
_d159791